Barbara Greer (Record no. 35468)

MARC details
000 -LEADER
fixed length control field 00433nam a2200133 a 4500
008 - FIXED-LENGTH DATA ELEMENTS--GENERAL INFORMATION
fixed length control field 120416s0000 ||||||||||||||||| || u
020 ## - INTERNATIONAL STANDARD BOOK NUMBER
International Standard Book Number 0356125831
050 ## - LIBRARY OF CONGRESS CALL NUMBER
Classification number PS 3552.I7555
100 ## - MAIN ENTRY--PERSONAL NAME
Personal name Birmingham, Stephen
245 10 - TITLE STATEMENT
Title Barbara Greer
260 ## - PUBLICATION, DISTRIBUTION, ETC.
Place of publication, distribution, etc. London
Name of publisher, distributor, etc. MacDonald
Date of publication, distribution, etc. 1987
350 ## - PRICE (NR) (BK AM CF MU VM SE) [OBSOLETE]
Price 0.00
995 ## - RECOMMENDATION 995 [LOCAL, UNIMARC FRANCE]
-- 0.00
-- CBU-MAIN LIBRARY (Kitwe)
-- 1
-- 8.00
-- 1
-- AVAILABLE
-- Fiction Collection
Holdings
Withdrawn status Lost status Source of classification or shelving scheme Damaged status Not for loan Home library Current library Shelving location Date acquired Total Checkouts Full call number Barcode Date last seen Price effective from Koha item type
          CBU-MAIN LIBRARY, KITWE. CBU-MAIN LIBRARY, KITWE.   11/30/2022   PS 3552.I7555 027884 11/30/2022 11/30/2022 MONOGRAPH